| 000 | 01015nam a2200169Ia 4500 | ||
|---|---|---|---|
| 008 | 090711s9999 xx 000 0 und d | ||
| 082 | _b49931 | ||
| 100 | _aजायस्वाल जयनारायण | ||
| 245 | _aहत्तीपाय व लिम्फँटिक सिस्टिमSो इतर रोग/सांधिवात सायटिका स्पांडिलायटिस | ||
| 260 | _c1982 | ||
| 300 | _a20+64+42 | ||
| 600 | _aजायस्वाल जयनारायण | ||
| 630 | _aहत्तीपाय व लिम्फँटिक सिस्टिमSो इतर रोग/सांधिवात सायटिका स्पांडिलायटिस | ||
| 700 | _aजायस्वाल जयनारायण | ||
| 730 | _aहत्तीपाय व लिम्फँटिक सिस्टिमSो इतर रोग/सांधिवात सायटिका स्पांडिलायटिस | ||
| 942 | _cBOOK | ||
| 999 |
_c308813 _d308813 |
||